El proceso estratégico: conceptos contextos y casos
| Main Authors: | , , |
|---|---|
| Format: | Section = Libro |
| Language: | Undetermined Spanish |
| Published: |
México
Prentice Hall
1997
|
| Subjects: |
| LEADER | 00700nam a2200241Ia 4500 | ||
|---|---|---|---|
| 008 | 240829s9999 xx 000 0 und d | ||
| 020 | |a 968-880-829-6 | ||
| 040 | |a BIBLIOTECA-RUSB/ 658.4012 M667 | ||
| 041 | |a spa | ||
| 082 | |a 658.4012 M667 | ||
| 100 | 1 | |a Mintzberg, Henry | |
| 100 | 1 | |b Quin, James Brian | |
| 100 | 1 | |c Voyer, John | |
| 245 | 1 | 0 | |a El proceso estratégico: conceptos contextos y casos |
| 260 | |a México |b Prentice Hall |c 1997 | ||
| 300 | |a 641 p. :il. | ||
| 650 | 7 | |a ADMINISTRACION ESTRATEGICA | |
| 650 | 7 | |b DISEÑO - PLANIFICACION ESTRATEGICA | |
| 650 | 7 | |c CULTURA - ESTRATEGIA ORGANIZACIONAL | |
| 650 | 7 | |d ESTUDIOS DE CASOS | |
| 942 | |c BK |2 ddc | ||
| 991 | |a TEXTO | ||
| 999 | |c 4123 | ||